Smithsonian astrophysical observatory star catalog (Record no. 2663)

MARC details
000 -LEADER
fixed length control field 00779nam a2200193Ia 4500
003 - CONTROL NUMBER IDENTIFIER
control field IN-BaIIA
008 - FIXED-LENGTH DATA ELEMENTS--GENERAL INFORMATION
fixed length control field 211028s9999 xx 000 0 eng d
040 ## - CATALOGING SOURCE
Transcribing agency IIA Library
080 ## - UNIVERSAL DECIMAL CLASSIFICATION NUMBER
Universal Decimal Classification number 083:523
Item number SMI-IV
110 ## - MAIN ENTRY--CORPORATE NAME
Corporate name or jurisdiction name as entry element Smithsonian Astrophysical Observatory.
9 (RLIN) 4745
245 #0 - TITLE STATEMENT
Title Smithsonian astrophysical observatory star catalog
Remainder of title positions and proper motions of 258, 997 stars for the epoch and equinox of 1950.0, pt. iv
Statement of responsibility, etc. Smithsonian Astrophysical Observatory.
260 ## - PUBLICATION, DISTRIBUTION, ETC.
Place of publication, distribution, etc. Washington
Name of publisher, distributor, etc. Smithsonian Institution Press
Date of publication, distribution, etc. 1966
300 ## - PHYSICAL DESCRIPTION
Extent [various pagings.]
650 ## - SUBJECT ADDED ENTRY--TOPICAL TERM
Topical term or geographic name entry element Astronomy and astrophysics thesaurus
650 ## - SUBJECT ADDED ENTRY--TOPICAL TERM
Topical term or geographic name entry element Catalogue - stars
9 (RLIN) 966
650 ## - SUBJECT ADDED ENTRY--TOPICAL TERM
Topical term or geographic name entry element Stars - catalogue
9 (RLIN) 967
710 ## - ADDED ENTRY--CORPORATE NAME
Corporate name or jurisdiction name as entry element Smithsonian Astrophysical Observatory
9 (RLIN) 4746
942 ## - ADDED ENTRY ELEMENTS (KOHA)
Koha item type Books
Holdings
Withdrawn status Lost status Damaged status Not for loan Home library Current library Shelving location Date acquired Total Checkouts Full call number Barcode Date last seen Price effective from Koha item type
        IIA Library-Bangalore IIA Library-Bangalore General Stacks     083:523/ SMI-IV 2970 05/11/2021   Books

Powered by Koha